00303nam a2200109 a 4500008004100000020001500041050001600056100002000072245005400092260003800146350000900184120416s0000 ||||||||||||||||| || u a1856042561 aZ 668.5 Whe aWhetherly, June10aAchieving change through training and development aLondonbLibrary Associationc1998 a0.00